Spanish animals (hard) - Statistics

General Stats
  • This quiz has been taken 92 times
  • The average score is 7 of 15
Answer Stats
Spanish Answer % Correct
Ratón Mouse
96%
Ballena Whale
79%
Búho Owl
70%
Cangrejo Crab
68%
Foca Seal
57%
Ardilla Squirrel
57%
Cisne Swan
52%
Ciervo Deer
47%
Mapache Raccoon
34%
Ostra Oyster
32%
Saltamonte Grasshopper
31%
Sapo Toad
31%
Anguila Eel
30%
Ornitorrinco Platypus
27%
Nutria Otter
26%
No matching quizzes found
Score Distribution
Percent of People with Each Score
Percentile by Number Answered
Your Score History
You have not taken this quiz